<?xml version="1.0" encoding="UTF-8"?>
<record
    xmlns:xsi="http://www.w3.org/2001/XMLSchema-instance"
    xsi:schemaLocation="http://www.loc.gov/MARC21/slim http://www.loc.gov/standards/marcxml/schema/MARC21slim.xsd"
    xmlns="http://www.loc.gov/MARC21/slim">

  <leader>04357cam a22003134a 4500</leader>
  <controlfield tag="001">991018507769704336</controlfield>
  <controlfield tag="005">20260227112100.0</controlfield>
  <controlfield tag="008">090109s2009    nyua     b    000 0 eng  </controlfield>
  <datafield tag="010" ind1=" " ind2=" ">
    <subfield code="a">  2009000284</subfield>
  </datafield>
  <datafield tag="020" ind1=" " ind2=" ">
    <subfield code="a">9781433107016</subfield>
  </datafield>
  <datafield tag="020" ind1=" " ind2=" ">
    <subfield code="a">9780820495262 (pbk. : alk. paper)</subfield>
  </datafield>
  <datafield tag="035" ind1=" " ind2=" ">
    <subfield code="a">(CaACU)2868192-01ucalg_inst</subfield>
  </datafield>
  <datafield tag="035" ind1=" " ind2=" ">
    <subfield code="a">(OCoLC)40016733630</subfield>
  </datafield>
  <datafield tag="035" ind1=" " ind2=" ">
    <subfield code="a">(OCoLC)298131201</subfield>
  </datafield>
  <datafield tag="040" ind1=" " ind2=" ">
    <subfield code="a">DLC</subfield>
    <subfield code="c">DLC</subfield>
    <subfield code="d">YDXCP</subfield>
    <subfield code="d">C#P</subfield>
    <subfield code="d">CDX</subfield>
    <subfield code="d">OCLCQ</subfield>
    <subfield code="d">UtOrBLW</subfield>
  </datafield>
  <datafield tag="050" ind1="0" ind2="0">
    <subfield code="a">P94.6</subfield>
    <subfield code="b">.M425 2009</subfield>
  </datafield>
  <datafield tag="245" ind1="0" ind2="0">
    <subfield code="a">Media/cultural studies </subfield>
    <subfield code="b">: critical approaches </subfield>
    <subfield code="c">edited by Rhonda Hammer &amp; Douglas Kellner.</subfield>
  </datafield>
  <datafield tag="246" ind1="3" ind2=" ">
    <subfield code="a">/ Media cultural studies</subfield>
  </datafield>
  <datafield tag="260" ind1=" " ind2=" ">
    <subfield code="a">New York :</subfield>
    <subfield code="b">Peter Lang,</subfield>
    <subfield code="c">c2009.</subfield>
  </datafield>
  <datafield tag="300" ind1=" " ind2=" ">
    <subfield code="a">xlvii, 644 p. :</subfield>
    <subfield code="b">ill. ;</subfield>
    <subfield code="c">26 cm.</subfield>
  </datafield>
  <datafield tag="504" ind1=" " ind2=" ">
    <subfield code="a">Includes bibliographical references.</subfield>
  </datafield>
  <datafield tag="505" ind1=" " ind2=" ">
    <subfield code="a">From Communications and Media Studies Through Cultural Studies: An Introduction and Overview &#x2014; Toward a Critical Media/Cultural Studies &#x2014; Cultural Studies: What&#x2019;s in a Name? (One More Time) &#x2014; Stuart Hall on Representation and Ideology &#x2014; A Propaganda Model &#x2014; How Producers &#x201C;Theorize&#x201D;: Shoot-outs, Bake-offs, and Speed-Dating &#x2014; Cultural Studies, Critical Pedagogy, and the Politics of Higher Education &#x2014; The Power of New Media Networks &#x2014; Young Children and Critical Media Literacy &#x2014; Teaching Popular Music &#x2014; &#x201C;This Won&#x2019;t Be on the Final&#x201D;: Reflections on Teaching Critical Media Literacy &#x2014; As Seen on TV or Was That My Phone?: &#x2018;New&#x2019; Media Literacy &#x2014; Digital Tools for Collecting, Connecting, Constructing, Responding to, Creating, and Conducting Media Ethnographies of Audience Use of Media Texts &#x2014; Children and the Media: Alternative Histories &#x2014; Capital, Ray Kroc, and McDonald&#x2019;s: The World&#x2019;s Lovin&#x2019; It &#x2014; Barbie: The Bitch Still Has Everything &#x2014; The Spectacle of Reform: Vulture Culture, Youth, and Television &#x2014; Gideon Who Will Be 25 in the Year 2012: Growing Up Gay Today &#x2014; Advertising, Gender and Sex: What&#x2019;s Wrong with a Little Objectification? &#x2014; The Magical World of Daytime Soap Operas &#x2014; Social Class and Entertainment Television: What&#x2019;s So Real about Reality TV? &#x2014; African American and Jewish Mothers/Wives on Television: Persistent Stereotypes &#x2014; Successful, Single and &#x201C;Othered&#x201D;: The Media and the &#x201C;Plight&#x201D; of Single Black Women &#x2014; The Rhetoric of Pleasure and Danger in Feminist Television Studies &#x2014; Post-Feminism and Popular Culture: Bridget Jones and the New Gender Regime &#x2014; Women in Traffic: L.A. Autobiography &#x2014; &#x201C;Waas Sappening?&#x201D;: Narrative Structure and Iconography in Born in East L.A. Media &#x2014; Model Minority/Honorable Eunuch: The Dual Image of Asian American Men in the Media and Everyday Perception &#x2014; &#x201C;Politics Is a Contact Sport&#x201D;: Media, Sports Metaphors and Presidential Masculinity &#x2014; The Uses of Disenchantment in New Media Pedagogy: Teaching for Remediation and Reconfiguration &#x2014; Perfect Transmissions: Evil Bert Laden &#x2014; &#x201C;Doing Something That Matters&#x201D;: Children&#x2019;s Culture, Video Games, and the Politics of Representation &#x2014; Critical Perspectives on Social Network Sites &#x2014; YouTube, Politics, and Pedagogy: Some Critical Reflections.</subfield>
  </datafield>
  <datafield tag="520" ind1=" " ind2=" ">
    <subfield code="a">This anthology is designed to assist teachers and students in learning how to better understand and interpret our common culture and everyday life. With a focus on contemporary media, consumer, and digital culture, this book combines classic and original writings by both leading and rising scholars in the field. The chapters present key theories, concepts, and methodologies of critical cultural and media studies, as well as cutting-edge research into new media. Sections on teaching media/cultural studies and concrete case studies provide practical examples that illuminate contemporary culture, ranging from new forms of digital media and consumer culture to artifacts from TV and film, including Barbie and Big Macs, soap operas, Talk TV, Facebook, and YouTube. The lively articles show that media/cultural studies is an exciting and relevant arena, and this text should enable students and citizens to become informed readers and critics of their culture and society.</subfield>
  </datafield>
  <datafield tag="650" ind1=" " ind2="0">
    <subfield code="a">Mass media and culture</subfield>
    <subfield code="x">Study and teaching.</subfield>
  </datafield>
  <datafield tag="650" ind1=" " ind2="0">
    <subfield code="a">Popular culture</subfield>
    <subfield code="x">Study and teaching.</subfield>
  </datafield>
  <datafield tag="700" ind1=" " ind2=" ">
    <subfield code="a">Hammer, Rhonda</subfield>
    <subfield code="9">26736</subfield>
  </datafield>
  <datafield tag="700" ind1=" " ind2=" ">
    <subfield code="a">Kellner, Douglas</subfield>
    <subfield code="d">1943-</subfield>
  </datafield>
  <datafield tag="942" ind1=" " ind2=" ">
    <subfield code="2">lcc</subfield>
  </datafield>
  <datafield tag="952" ind1=" " ind2=" ">
    <subfield code="0">0</subfield>
    <subfield code="1">0</subfield>
    <subfield code="2">lcc</subfield>
    <subfield code="4">0</subfield>
    <subfield code="7">0</subfield>
    <subfield code="a">TBS</subfield>
    <subfield code="b">TBS</subfield>
    <subfield code="d">2026-02-27</subfield>
    <subfield code="l">0</subfield>
    <subfield code="o">P 94.6 MED</subfield>
    <subfield code="r">2026-02-27</subfield>
    <subfield code="t">1</subfield>
    <subfield code="w">2026-02-27</subfield>
    <subfield code="y">1</subfield>
    <subfield code="z">SOON AVAILABLE</subfield>
  </datafield>
  <datafield tag="999" ind1=" " ind2=" ">
    <subfield code="c">5360</subfield>
    <subfield code="d">5360</subfield>
  </datafield>
</record>
